00360nam a22001337a 450000500170000000800410001704100120005808200130007010000120008324500390009526000360013430000300017065000260020020240819070210.0240819b |||||||| |||| 00| 0 eng d aEnglish a349 LAW  lEnglish aThe Law Reports: Probate Division  aLondon: bLincoln's Inn,c1956  bxxv, 510 pages; c25 cm.  aLegal practice bLaw